000 00482nam a2200169Ia 4500
008 090201s9999 xx 000 0 und d
010 _aKPL-28883
040 _bमराठी
041 _aमराठी
082 _a31010
_b28883
100 _aशैलजा राजे
245 _aसावट
_cशैलजा राजे
260 _c2004
_bप्रमोद प्रकाशन
300 _a195
_bमोठा
600 _aसावट
942 _cBOOK
999 _c229508
_d229508